Normal view
MARC view
- Probabilistic Robotics
Entry Topical Term
001 - CONTROL NUMBER
- control field: 124305
003 - CONTROL NUMBER IDENTIFIER
- control field: NUST
005 - DATE AND TIME OF LATEST TRANSACTION
- control field: 20240709173131.0
008 - FIXED-LENGTH DATA ELEMENTS
- fixed length control field: 240709|| aca||aabn | a|a d
040 ## - CATALOGING SOURCE
- Original cataloging agency: NUST
- Transcribing agency: NUST
150 ## - HEADING--TOPICAL TERM
- Topical term or geographic name entry element: Probabilistic Robotics
670 ## - SOURCE DATA FOUND
- Source citation: Work cat.: (NUST): Therun, Sebastian 124304, Probabilistic Robotics, 2006.
